00354nam a2200133Ia 4500008004100000020001500041041001200056100001700068245006000085260004000145300000800185650001400193700001300207221030s9999 xx 000 0 und d a0070616086 aEnglish aG. Chartrand 0aIntroduction to Graph Theorycby G. Chartrand, P. Zhang bMcGraw - Hill Pub.aNew Delhic2015 a449 aComputers aP. Zhang